Teoretické aspekty a praktické dosahy špekulatívnych bublín na financovanie podnikovej činnosti diplomová práca

Enregistré dans:
Détails bibliographiques
Auteur principal: Hojdik, Vladimír, 1992-
Collectivité auteur: Fakulta podnikového manažmentu EU. Katedra podnikových financií
Autres auteurs: Markovič, Peter, 1974-
Format: Livre
Langue:slovaque
Publié: Bratislava 2016
Tags: Ajouter un tag
Pas de tags, Soyez le premier à ajouter un tag!

MARC

LEADER 00000nbm a2200000 4500
001 0218249
005 20170220101924.8
041 0 |a slo 
044 |a SK 
245 1 0 |a Teoretické aspekty a praktické dosahy špekulatívnych bublín na financovanie podnikovej činnosti  |b diplomová práca  |c Vladimír Hojdik ; školiteľ: Peter Markovič 
264 1 |a Bratislava  |c 2016 
300 |a 97 s. 
100 1 |a Hojdik, Vladimír, 1992- 
700 1 |a Markovič, Peter, 1974- 
710 2 |a Fakulta podnikového manažmentu EU. Katedra podnikových financií